000 00599cam a2200241 4500
001 D7199
008 090401t1981 xxu||||| |||| 00| 0 eng d
035 _a(Sirsi) u5827
041 _aeng
050 _a690.12
100 _aMoore, J. F. A.
245 4 _aThe performance of cavity wall ties
260 _aGarston, Watford
_bBuilding Research Establishment
_c1981
300 _a26p. 30cm
350 _a0
490 _aBRE Current Paper
_v3/81
650 _aCAVITY WALL TIES
650 _aCORROSION
650 _aDEFECTS
650 _aLIFE EXPECTANCY
942 _n0
948 _c04/03/1997
999 _c86217
_d86217